[Event "Bosnjaci op 19th"]
[Site "Bosnjaci"]
[Date "2014.01.05"]
[Round "4"]
[White "Petricevic, Ivan"]
[Black "Abdil, Halil"]
[Result "0-1"]
[WhiteElo "2031"]
[BlackElo "2263"]
[PlyCount "50"]
[EventDate "2014.01.03"]
[EventType "swiss"]
[EventRounds "9"]
[EventCountry "CRO"]
[SourceTitle "CBM 158 Extra"]
[Source "ChessBase"]
[SourceDate "2014.02.28"]
[SourceVersion "1"]
[SourceVersionDate "2014.02.28"]
[SourceQuality "1"]

1. d4 Nf6 2. Nc3 d5 3. Bg5 Nbd7 4. Nf3 g6 5. h4 Bg7 6. e3 c6 7. Be2 0-0 8. h5 Nxh5 9. e4 dxe4 10. Nxe4 Ndf6 11. Nxf6+ Nxf6 12. Ne5 Nd7 13. Nxf7 Rxf7 14. Bc4 Nf8 15. Bxf7+ Kxf7 16. Rh4 Qd5 17. Qd2 Qxg2 18. 0-0-0 Bf5 19. Re1 e6 20. Qf4 Qd5 21. Qc7+ Qd7 22. Qxd7+ Nxd7 23. Rxh7 Rh8 24. Reh1 Rxh7 25. Rxh7 Nf6 0-1

[Event "Bosnjaci op 18th"]
[Site "Bosnjaci"]
[Date "2013.01.06"]
[Round "6"]
[White "Petricevic, Ivan"]
[Black "Iveljic, Igor"]
[Result "0-1"]
[WhiteElo "2063"]
[BlackElo "2323"]
[PlyCount "58"]
[EventDate "2013.01.03"]
[EventType "swiss"]
[EventRounds "9"]
[EventCountry "CRO"]
[SourceTitle "CBM 152 Extra"]
[Source "ChessBase"]
[SourceDate "2013.02.25"]
[SourceVersion "1"]
[SourceVersionDate "2013.02.25"]
[SourceQuality "1"]

1. d4 Nf6 2. Nc3 d5 3. Bg5 c5 4. Bxf6 gxf6 5. e3 Nc6 6. g3 e6 7. Nge2 cxd4 8. exd4 Qb6 9. Rb1 Bd7 10. a3 Rc8 11. b4 Nxd4 12. Qxd4 Qxd4 13. Nxd4 Rxc3 14. Rb3 Rc8 15. Kd2 Bd6 16. Nb5 Bb8 17. Be2 Ke7 18. Rc1 a6 19. Nc3 f5 20. b5 a5 21. Na4 Ba7 22. f4 Bf2 23. Nb2 Rhd8 24. Nd3 Bd4 25. a4 b6 26. Ne1 Rc7 27. Nf3 Bf6 28. Re3 Rdc8 29. Bd3 Rc3 0-1